000 00329pab a2200145 454500
008 180718b1996 xxu||||| |||| 00| 0 eng d
100 _aUberoi, N.K.
245 _aPreparing for the 21st century
260 _c1996
300 _ap.9
362 _a11 Jul
650 _aEducation
773 _aFinancial Express
909 _a33103
999 _c33103
_d33103